Statistiken für Hauptstädte mit dem Landesnamen

Klicken Sie hier um das Quiz zu spielen!

Allgemein

  • Dieses Quiz wurde 120 mal gespielt
  • Das Durchschnittsergebnis liegt bei 10 aus 18

Antwortstatistiken

Hauptstädte% Korrekt
Mexiko-Stadt
81%
Panama
76%
Luxemburg
75%
Algier
70%
Guatemala-Stadt
70%
San Marino
68%
Vatikanstadt
67%
Monaco
62%
Tunis
59%
Brasilia
58%
Andorra la Vella
55%
Kuwait-Stadt
50%
Singapur
45%
Dschibuti
44%
São Tomé
38%
San Salvador
33%
Malé
26%
Bissau
22%

Verteilung der Resultate

Perzentil nach korrekt beantworteten Fragen

Anzahl Personen mit jedem Resultat

Ihre Resultats-Entwicklung

Sie haben dieses Quiz noch nicht gespielt